Analýza konvergencie ekonomickej výkonnosti vybraných nových členských krajín EÚ 27

Ekonomická výkonnosť a reálna konvergencia. Analýza vzťahu medzi ekonomickou výkonnosťou krajín v roku 1999 a priemerným tempom rastu HDP v období rokov 2000-2006. Výmenné relácie a ich dopady na reálnu ekonomiku. Súvislosti medzi reálnou a nominálnou konvergenciou.

Saved in:
Bibliographic Details
Main Author: Lábaj, Martin, 1982-
Format: Book Chapter
Language:Slovak
Subjects:
Tags: Add Tag
No Tags, Be the first to tag this record!

MARC

LEADER 00000nla$a2200000$$$4500
001 0066920
005 20240502071811.1
041 0 |a slo 
044 |a SK 
245 1 0 |a Analýza konvergencie ekonomickej výkonnosti vybraných nových členských krajín EÚ 27  |c Martin Lábaj 
520 |a Ekonomická výkonnosť a reálna konvergencia. Analýza vzťahu medzi ekonomickou výkonnosťou krajín v roku 1999 a priemerným tempom rastu HDP v období rokov 2000-2006. Výmenné relácie a ich dopady na reálnu ekonomiku. Súvislosti medzi reálnou a nominálnou konvergenciou. 
610 2 0 |a konvergencia 
610 2 0 |a výkonnosť ekonomiky 
610 2 0 |a relácie výmenné 
610 2 0 |a ceny 
610 2 0 |a tovar 
610 2 0 |a obchod zahraničný 
610 2 0 |a produkt domáci hrubý 
610 2 0 |a Európska únia 
100 1 |a Lábaj, Martin, 1982-